Etica y moral: la búsqueda de los fundamentos
Saved in:
| 主要作者: | |
|---|---|
| 格式: | 圖書 |
| 語言: | 西班牙语 |
| 出版: |
Santander
Sal Terrae
2004
|
| 叢編: | Colección ST Breve, 42
|
| 主題: | |
| 標簽: |
添加標簽
沒有標簽, 成為第一個標記此記錄!
|
MARC
| LEADER | 00000nam a2200000 a 4500 | ||
|---|---|---|---|
| 001 | UCK4388 | ||
| 003 | CL-VaPUC | ||
| 008 | 050603e20040000SP |||||||||||||||||spa|d | ||
| 020 | |a 8429315462 | ||
| 082 | 0 | 4 | |a 170 |b BOF |2 21 |
| 100 | 0 | |a Boff, Leonardo |e author |9 492892 | |
| 245 | 1 | 0 | |a Etica y moral: la búsqueda de los fundamentos |
| 300 | |a 134 p | ||
| 942 | |c BK | ||
| 945 | |d 20050603 00:00:00 |a jcarroza | ||
| 260 | |a Santander |b Sal Terrae |c 2004 | ||
| 650 | 0 | |a Ética |9 255099 | |
| 650 | 0 | |a Moral |9 265913 | |
| 650 | 0 | |a Filosofía contemporánea |9 265372 | |
| 650 | 0 | |a Virtud y vicio |9 310637 | |
| 650 | 0 | |a Pecado |9 314980 | |
| 650 | 7 | |a REENCANTAMIENTO |2 CL-VaPUC |9 492893 | |
| 650 | 7 | |a PARADIGMA |2 CL-VaPUC |9 335303 | |
| 650 | 0 | |a Experiencia |9 308852 | |
| 650 | 0 | |a Religión |9 255164 | |
| 650 | 0 | |a Ethos |9 492894 | |
| 650 | 0 | |a Bien común |9 346393 | |
| 650 | 0 | |a Paz |9 259242 | |
| 650 | 0 | |a Terrorismo |9 255070 | |
| 650 | 0 | |a Globalización |9 361930 | |
| 650 | 0 | |a Guerra |9 255876 | |
| 650 | 0 | |a Ecología |9 258124 | |
| 583 | |a last modification |c 20050603 00:00:00 |k Rodrigo Vera | ||
| 490 | 0 | |a Colección ST Breve, 42 | |
| 999 | |c 313266 |d 313264 | ||
| 952 | |0 0 |1 0 |4 0 |6 170_000000000000000_BOF_2004 |7 0 |8 A |9 384505 |a BIBTEO |b BIBTEO |d 2019-11-22 |i 4116976 |o 170 BOF 2004 |p 4116976 |r 2025-01-17 |w 2019-11-22 |y BK |k ICR | ||